Movement outcomes

La raíz de la cuestión sobre los grupos en movimiento tiene que ver con sus resultados y lo que se considera importante lograr. Se identifican cuatro resultados específicos que se consideran centrales para la eficacia de los movimientos sociales.

Guardado en:
Bibliografiske detaljer
Format: Texto
Fag:
Tags: Tilføj Tag
Ingen Tags, Vær først til at tagge denne postø!

MARC

LEADER 00000 a a2200000 04500
001 40020
003
040
245 |a Movement outcomes  
520 |a La raíz de la cuestión sobre los grupos en movimiento tiene que ver con sus resultados y lo que se considera importante lograr. Se identifican cuatro resultados específicos que se consideran centrales para la eficacia de los movimientos sociales.  
590 |a RRA/AGOSTO2010  
650 |a MOVIMIENTOS SOCIALES  
650 |a CONSECUENCIAS SOCIALES  
650 |a ASPECTOS POLITICOS  
773 |g 112-113 páginas  
999 |c 19905  |d 19905